VEGETATIONSKUNDLICHES MATERIAL ZU DEN WEIDEGESELLSCHAFTEN AUS DEM ORAVA-GEBIET

Bibliographic Details
Main Author: Jurko, Anton, 1924-1997 (Author)
Format: Article
Language:German

MARC

LEADER 00000nab a2200000uu 4500
001 vtls011442278
003 SK-MaSNL
005 20260303123321.0
008 230213|1971 xo |||||||||||||||||ger|
015 |a SNBRB 
035 |a (urnnbn)urn:nbn:sk:snk:ar-0031zp 
035 |a (uuid)7a2049a6-3ad9-47b0-b7c1-86be978eb8ed 
035 |a urn:nbn:sk:snk-abcgbx 
040 |a SNKBUCL  |b slo  |c SNKBUCL  |e AACR2 
041 0 |a ger 
044 |a xo  |c SK 
100 1 |a Jurko, Anton,  |d 1924-1997  |4 aut  |9 74433 
245 1 0 |a VEGETATIONSKUNDLICHES MATERIAL ZU DEN WEIDEGESELLSCHAFTEN AUS DEM ORAVA-GEBIET  |c Anton Jurko 
773 0 |t Biológia : časopis Slovenskej akadémie vied  |g Roč. 26, č. 4 (1971), s. 317-334 
954 |a odborná, vedecká literatúra pôvodná (slovenská)  |2 lita 
958 |a OND 
958 |a EUIPO 
958 |a article16 
999 |c 1925142  |d 1927072